Gaming Quiz

Random Gaming or Board Games Quiz

One Subcategory in 15 Categories - Board Games Quiz Stats

 Plays Quiz Updated May 24, 2019

Score 0/15 Timer 05:00
3 Plays Today
Question Answer Wrong Answers
LITERATURE: The two-player game Reversi is also known by which name, taken from a Shakespeare play? Othello
82%
Hamlet
4%
Macbeth
3.5%
Lear
3.3%
ENTERTAINMENT: The board game based on which comic strip is subtitled 'Corporate Shuffle'? Dilbert
71.6%
Calvin and Hobbes
8.8%
Hagar the Horrible
4%
The Far Side
7.3%
JUST FOR FUN: Which of these two-letter words will score highest in a game of Scrabble? Qi
70.9%
Oy
2.4%
Ox
17.1%
Jo
3.8%
LANGUAGE: The name of the game Jenga derives from 'kujenga,' which means 'to build' in what language? Swahili
67.6%
Persian
11.9%
Finnish
10.5%
Albanian
2.3%
HISTORY: What is the color of History questions in Trivial Pursuit? Yellow
54.6%
Purple
8.6%
Orange
18.6%
Blue
11.4%
MUSIC: Which song contains the lyric Let's play Twister, let's play Risk, yeah yeah yeah yeah? Man on the Moon
(R.E.M.)
54%
Smells Like Teen Spirit
(Nirvana)
14.7%
Money for Nothing
(Dire Straits)
13%
Basket Case
(Green Day)
14.8%
MISCELLANEOUS: Which of these classic Monopoly tokens had not been retired by 2017? Top hat
53.5%
Wheelbarrow
10.2%
Boot
14.8%
Thimble
15.2%
SPORTS: What board game/sport hybrid was invented by Dutch performance artist Iepe Rubingh? Chess Boxing
47.6%
Chess Tennis
16.3%
Chess Fencing
22.8%
Chess Hockey
12.6%
MOVIES: Who stars in the 2012 adaption of the boardgame Battleship? Rihanna
46.7%
Zac Efron
17.6%
Ryan Phillippe
19.6%
Leonardo DiCaprio
11.5%
SCIENCE: Which of these is not a playable profession in the original version of Pandemic? Pharmacologist
42.5%
Scientist
8.8%
Researcher
10.2%
Operations Expert
30.6%
GAMING: Who rolls first in a game of Clue(do)? Miss Scarlett
42.4%
Colonel Mustard
19.3%
Mrs. Peacock
11.6%
Mrs. White
18.7%
RELIGION: Which board game has tiles that contain cloisters and tokens that can become monks? Carcassonne
42.3%
Catan
24.9%
Dungeons & Dragons
22.4%
Life
1.8%
HOLIDAY: The object of the game Hanabi is to create which staple of several holidays? Fireworks
36.8%
Family dinner
30%
Parade
14.6%
Barbecue
9.6%
TELEVISION: Which of these classic board games does not have an official 'Game of Thrones' edition? Trivial Pursuit
34.3%
Clue(do)
37.1%
Risk
15.7%
Monopoly
7.8%
GEOGRAPHY: Which of these countries is not a Risk territory? Mexico
32.2%
Peru
21.7%
Egypt
9.5%
Afghanistan
34.2%

You're not logged in!

Compare scores with friends on all Sporcle quizzes.
OR
Log In

Sporcle TV

Today on Sporcle TV


Watch our educational content, quiz creation guides, and fun videos on Sporcle TV.

Show Comments

Extras

Top Quizzes Today


Score Distribution

Your Account Isn't Verified!

In order to create a playlist on Sporcle, you need to verify the email address you used during registration. Go to your Sporcle Settings to finish the process.

Report this User

Report this user for behavior that violates our Community Guidelines.

Details: